000 00756nai a2200205Ia 4500
003 IN-BaIIA
008 211028c9999 xx s 000 0 eng d
022 _a1932-4510 (Print)
022 _a1942-7808 (Online)
040 _cIIA Library
245 0 _aIEEE Nanotechnology Magazine
_h[eJournal]
260 _aNew York, USA
_bThe Institute of Electrical and Electronics Engineers, Inc. (IEEE)
310 _aQuarterly
362 _a1(1); 2007 - Present
521 _bSubscribed through National Knowledge Resource Consortium (NKRC)
650 _a Computing and Processing
_948785
650 _aComponents, Circuits, Devices and Systems
856 _uhttps://ieeexplore.ieee.org/servlet/opac?punumber=4451717
_yClick Here to Access eJournal
942 _cEJ
999 _c34551
_d34551